[Event "ch-European Rapid 2013"]
[Site "Warsaw POL"]
[Date "2013.12.15"]
[Round "11.22"]
[White "Tregubov, Vadim"]
[Black "Kuzmicz, Krystian"]
[Result "0-1"]
[BlackTitle "IM"]
[WhiteElo "2371"]
[BlackElo "2451"]
[WhiteFideId "14119595"]
[BlackFideId "1119125"]
[EventDate "2013.12.14"]

1. e4 c5 2. Nf3 g6 3. d4 Bg7 4. Nc3 Qa5 5. dxc5 Bxc3+ 6. bxc3 Qxc3+ 7. Bd2 Qxc5
8. Bd3 Nf6 9. O-O d6 10. Rb1 Nbd7 11. Qe2 O-O 12. Rb5 Qc7 13. e5 dxe5 14. Nxe5
Nxe5 15. Qxe5 Qxe5 16. Rxe5 Be6 17. a4 Rfd8 18. Rb1 Rd7 19. a5 Rc8 20. Reb5 Bd5
21. Be3 a6 22. R5b4 Bc6 23. Bg5 Rd5 24. Bd2 Bb5 25. Bxb5 axb5 26. Be3 Rxc2 27.
Rxb5 Rxb5 28. Rxb5 Rc7 29. h3 Kf8 30. Bf4 Rd7 31. Be5 Rd5 32. Rxd5 Nxd5 33. Kf1
f6 34. Bd4 e5 35. Bc5+ Ke8 36. Ke2 Kd7 37. Bf8 e4 38. f3 f5 39. fxe4 fxe4 40.
Bh6 Kc6 41. Bd2 Kb5 42. h4 Kc4 43. Be1 Kd4 44. Bg3 e3 45. Be1 Ke4 46. Bg3 Nc3+
47. Ke1 Kd3 48. Bf4 e2 49. Be5 Nd5 0-1

[Event "ch-European Rapid 2013"]
[Site "Warsaw POL"]
[Date "2013.12.15"]
[Round "11.23"]
[White "Jussupow, Artur"]
[Black "Tomczak, Mikolaj"]
[Result "1-0"]
[WhiteTitle "GM"]
[WhiteElo "2583"]
[BlackElo "2133"]
[WhiteFideId "4618777"]
[BlackFideId "1175114"]
[EventDate "2013.12.14"]

1. d4 Nf6 2. Nf3 g6 3. c4 Bg7 4. Nc3 O-O 5. Bg5 d6 6. e3 c5 7. d5 b5 8. cxb5 a6
9. a4 axb5 10. Bxb5 Na6 11. O-O Nb4 12. e4 Bg4 13. Be2 Nd7 14. Qd2 Bxf3 15. gxf3
Re8 16. Rac1 Qc8 17. b3 Bf6 18. Be3 Ne5 19. Kg2 h5 20. h3 e6 21. f4 Nd7 22. Nb5
Qb8 23. dxe6 Rxe6 24. f5 Rxe4 25. Bf3 gxf5 26. Bxe4 fxe4 27. Qxd6 Qc8 28. Rxc5
Nxc5 29. Qxf6 Ra6 30. Nd6 Qc7 31. Qg5+ Kh7 32. Qxh5+ Kg8 33. Qg5+ Kh7 34. Bxc5
Rxd6 35. Bxd6 Qxd6 36. Qh4+ Kg7 37. Qg3+ 1-0

[Event "ch-European Rapid 2013"]
[Site "Warsaw POL"]
[Date "2013.12.15"]
[Round "11.25"]
[White "Miton, Kamil"]
[Black "Wieczorek, Oskar"]
[Result "1-0"]
[WhiteTitle "GM"]
[BlackTitle "IM"]
[WhiteElo "2591"]
[BlackElo "2407"]
[WhiteFideId "1111914"]
[BlackFideId "1133950"]
[EventDate "2013.12.14"]

1. d4 Nf6 2. c4 g6 3. Nc3 Bg7 4. e4 d6 5. f3 O-O 6. Bg5 c5 7. d5 h6 8. Be3 e6 9.
Qd2 exd5 10. cxd5 Re8 11. Nge2 a6 12. Bxh6 Nxe4 13. Nxe4 Qh4+ 14. g3 Qxh6 15.
Qxh6 Bxh6 16. Nf6+ Kf8 17. Nxe8 Kxe8 18. a4 Nd7 19. Nc3 Ne5 20. f4 Nf3+ 21. Kf2
Nd4 22. h4 Rb8 23. h5 gxh5 24. Rxh5 Bg7 25. Bh3 Bxh3 26. Rxh3 b5 27. axb5 axb5
28. Ne4 Nf5 29. g4 Bxb2 30. Rb1 Bd4+ 31. Kf3 Rb6 32. gxf5 c4 33. Rxb5 1-0

[Event "ch-European Rapid 2013"]
[Site "Warsaw POL"]
[Date "2013.12.15"]
[Round "11.26"]
[White "Grigoryan, Karen H."]
[Black "Mede, Istvan"]
[Result "1-0"]
[WhiteTitle "GM"]
[BlackTitle "FM"]
[WhiteElo "2604"]
[BlackElo "2298"]
[WhiteFideId "13301004"]
[BlackFideId "711535"]
[EventDate "2013.12.14"]

1. c4 g6 2. Nc3 Bg7 3. g3 c5 4. Bg2 Nc6 5. Nf3 e5 6. O-O Nge7 7. Ne1 d6 8. Nc2
O-O 9. a3 Be6 10. Ne3 a5 11. Rb1 f5 12. d3 Rb8 13. Ned5 h6 14. Bd2 Kh7 15. Nb5
f4 16. gxf4 Nf5 17. Kh1 Nh4 18. Be4 Ne7 19. Nbc7 Bh3 20. Rg1 exf4 21. Bxf4 Be5
22. Bxe5 dxe5 23. Nxe7 Qxe7 24. Nd5 Qe6 25. f3 Rf5 26. Bxf5 gxf5 27. Qe1 Ng6 28.
Qxa5 Rg8 29. Qb6 1-0

[Event "ch-European Rapid 2013"]
[Site "Warsaw POL"]
[Date "2013.12.15"]
[Round "11.27"]
[White "Leniart, Arkadiusz"]
[Black "Vuilleumier, Alexandre"]
[Result "1-0"]
[WhiteTitle "IM"]
[BlackTitle "IM"]
[WhiteElo "2472"]
[BlackElo "2326"]
[WhiteFideId "1124226"]
[BlackFideId "1305662"]
[EventDate "2013.12.14"]

1. e4 e5 2. Nf3 Nc6 3. Bc4 Bc5 4. c3 Nf6 5. d4 exd4 6. e5 d5 7. Bb5 Ne4 8. cxd4
Bb6 9. Be3 O-O 10. O-O Bg4 11. Be2 f6 12. exf6 Nxf6 13. Nc3 Ne7 14. Ne5 Bxe2 15.
Nxe2 Nf5 16. Ng3 Nxe3 17. fxe3 c5 18. Kh1 Bc7 19. Rf5 g6 20. Rf3 Qe7 21. Nd3
Bxg3 22. hxg3 c4 23. Nf2 Nh5 24. g4 Rxf3 25. Qxf3 Nf6 26. g5 Ne4 27. Nxe4 dxe4
28. Qg4 Rf8 29. d5 Rf5 30. Rd1 Qd6 31. Qxe4 Rxg5 32. Kg1 b5 33. Qf4 Re5 34. e4
Qc5+ 35. Kf1 Re8 36. d6 Kg7 37. Ke2 c3 38. d7 Qc4+ 39. Kf2 Rxe4 40. Qxe4 Qxe4
41. d8=Q Qf4+ 42. Kg1 Qe3+ 43. Kh2 Qh6+ 44. Kg3 Qe3+ 45. Kh4 Qf4+ 46. Kh3 Qf5+
47. Kg3 Qe5+ 48. Kf3 Qf5+ 49. Ke3 Qe6+ 50. Kd3 Qc4+ 51. Kc2 Qe2+ 52. Kxc3 Qc4+
53. Kd2 Qf4+ 54. Kc2 1-0

[Event "ch-European Rapid 2013"]
[Site "Warsaw POL"]
[Date "2013.12.15"]
[Round "11.28"]
[White "Kovalev, Vladislav"]
[Black "Bernotas, Arturs"]
[Result "1-0"]
[WhiteTitle "GM"]
[WhiteElo "2574"]
[BlackElo "2267"]
[WhiteFideId "13504398"]
[BlackFideId "11601426"]
[EventDate "2013.12.14"]

1. e4 d5 2. exd5 Qxd5 3. Nc3 Qd6 4. d4 Nf6 5. Nf3 Bg4 6. h3 Bh5 7. g4 Bg6 8. Ne5
Nbd7 9. Nb5 Qb6 10. Nc4 Qe6+ 11. Ne3 O-O-O 12. Nxa7+ Kb8 13. Nb5 Nd5 14. c4 Nb4
15. Be2 c6 16. a3 Na6 17. Nc3 h5 18. gxh5 Bh7 19. b4 Nf6 20. d5 Qe5 21. Bb2 Ne4
22. Qb3 Qf4 23. Nxe4 Bxe4 24. Rg1 cxd5 25. cxd5 Nc7 26. Rg4 Qh2 27. O-O-O f5 28.
Rxe4 fxe4 29. Bd4 Qd6 30. Qa4 Na6 31. Bg4 e5 32. dxe6 Qc7+ 33. Qc2 Bd6 34. Qxc7+
Nxc7 35. Bxg7 Rhg8 36. h6 Be7 37. Rxd8+ 1-0

[Event "ch-European Rapid 2013"]
[Site "Warsaw POL"]
[Date "2013.12.15"]
[Round "11.29"]
[White "Lavendelis, Egons"]
[Black "Socko, Monika"]
[Result "0-1"]
[WhiteTitle "FM"]
[BlackTitle "GM"]
[WhiteElo "2317"]
[BlackElo "2440"]
[WhiteFideId "11601647"]
[BlackFideId "1106619"]
[EventDate "2013.12.14"]

1. e4 e6 2. f4 d5 3. e5 c5 4. Nf3 Nc6 5. c3 Nh6 6. Na3 f6 7. exf6 Qxf6 8. g3 Be7
9. Nc2 O-O 10. d4 Nf5 11. Bb5 cxd4 12. cxd4 Nb4 13. Nxb4 Bxb4+ 14. Kf2 Ba5 15.
Be3 a6 16. Bd3 Bd7 17. Bxf5 Qxf5 18. Ne5 Be8 19. Qd3 Qf6 20. Rhc1 Bb5 21. Qd1
Rfc8 22. Qb3 Qh6 23. Kg2 Qh5 24. Rc2 Qf5 25. Rac1 Qe4+ 26. Kf2 Rxc2+ 27. Qxc2
Qxc2+ 28. Rxc2 Kf8 29. b3 Ke7 30. Bc1 Bb6 31. Ba3+ Kf6 32. Bc5 Bd8 33. Ke3 g6
34. Bd6 Kg7 35. Nf3 Bd7 36. Ne5 Rc8 37. Rxc8 Bxc8 38. Nd3 Kf7 39. Be5 Be7 40. a4
Bd7 41. Nc5 Bc8 42. Kd2 b6 43. Nd3 Bd8 44. Bd6 Bf6 45. Ke3 Bd8 46. Ne5+ Ke8 47.
h4 a5 48. Nf3 Ba6 49. Ne5 b5 50. axb5 Bxb5 51. Bc5 Bc7 52. Nf3 Bd8 53. Ne5 Bc7
54. Nf3 Bd8 55. Ne5 Bc7 56. Nf3 Bd8 57. g4 a4 58. bxa4 Bxa4 59. g5 Bd1 60. Ne5
Ba5 61. Kf2 Bd2 62. Kg3 Be1+ 63. Kh3 Bc2 64. Nf3 Bf2 65. Kg2 Be3 66. Kg3 Be4 67.
Ne5 Bd2 68. Ng4 Be1+ 69. Kh2 Kf7 70. Nf6 h5 71. Nd7 Bxh4 72. Ne5+ Kg7 73. Be7
Bf2 74. Bf6+ Kg8 75. Nd7 h4 76. Nc5 Bg3+ 77. Kh3 Bf5+ 78. Kg2 Bxf4 79. Be5 Bxg5 0-1

[Event "ch-European Rapid 2013"]
[Site "Warsaw POL"]
[Date "2013.12.15"]
[Round "11.30"]
[White "Yavorovsky, Valeriy"]
[Black "Duda, Jan-Krzysztof"]
[Result "1/2-1/2"]
[BlackTitle "GM"]
[WhiteElo "2249"]
[BlackElo "2557"]
[WhiteFideId "14121549"]
[BlackFideId "1170546"]
[EventDate "2013.12.14"]

1. d4 Nf6 2. Nf3 e6 3. c4 b6 4. e3 Bb7 5. Bd3 Bb4+ 6. Nbd2 O-O 7. O-O c5 8. a3
Bxd2 9. Bxd2 d6 10. Bc3 Nbd7 11. Re1 Ne4 12. Rc1 Qe7 13. Nd2 Nxc3 14. Rxc3 f5
15. Bf1 Nf6 16. Rc1 Kh8 17. Nb1 e5 18. Nc3 Bc6 19. Qc2 Rae8 20. Qd2 g5 21. b4 g4
22. Rcd1 Rd8 23. Qc2 Ne4 24. Nxe4 Bxe4 25. Qc3 Bc6 26. Qc2 Qf6 27. dxc5 dxc5 28.
bxc5 bxc5 29. Rxd8 Rxd8 30. Rd1 Be4 31. Rxd8+ Qxd8 32. Qc3 Qd6 33. Be2 Kg8 34.
f3 gxf3 35. gxf3 Bb7 36. Qd3 Qxd3 37. Bxd3 f4 38. Kf2 Kg7 39. e4 Kf6 40. Bf1 Bc8
41. Ke1 Kg5 42. Kf2 Bd7 43. Be2 Ba4 44. Ke1 Kh4 45. Kf2 Kh3 46. Kg1 Bc2 47. Bf1+
Kh4 48. Be2 Bb3 49. Kf2 Ba4 50. Kg1 Bd7 51. Kf2 Be6 52. Kg1 Kg5 53. Kf2 Kf6 54.
Ke1 Ke7 55. Kd2 Kd6 56. Kc3 Kc6 57. Kb3 Kb6 58. Kc3 Bh3 59. Kb3 Ka5 60. Kb2 Bg2
61. Ka2 Bh3 62. Kb2 Bd7 63. Ka2 Ba4 64. Kb2 Kb6 65. Kc3 Kc7 66. Kd2 Kd6 67. Ke1
Bb3 68. Kd2 Ke7 69. Ke1 Kf6 70. Kf2 Ba2 71. Ke1 Kg5 72. Kf2 Kh4 73. Kg1 Kh5 74.
Kf2 Kg5 75. Ke1 Kg6 76. Kf2 Kg7 77. Ke1 Kf6 78. Kd2 Bb3 79. Ke1 Kf7 80. Kd2 Kf6
81. Ke1 h6 82. Kd2 Kg5 83. Ke1 Ba2 84. Kf2 Kg6 85. Ke1 Kf6 86. Kd2 Bb3 87. Ke1
Kg6 88. Kf2 Kg5 89. Ke1 Ba2 90. Kf2 Bb3 91. Ke1 Kh4 92. Kf2 Bc2 93. Kg1 Ba4 94.
Kf2 Bd7 95. Kg1 Bh3 96. Kf2 Kh5 97. Kg1 Kh4 98. Kf2 Kg5 99. Ke1 Kf6 100. Kf2 Ke7
101. Ke1 Kd6 102. Kd2 Kc6 103. Kc3 Kb6 104. Kb3 Ka5 105. Kb2 Bg2 106. Ka2 Bh3
107. Kb2 Bd7 108. Ka2 Ba4 109. Kb2 Kb6 110. Kc3 Ka6 111. Kb2 Ka5 112. Kc3 Bd7
113. Kb2 Kb6 114. Kc3 h5 115. Kb2 h4 116. Kc3 h3 117. Kb2 a5 118. Kc3 a4 1/2-1/2

[Event "ch-European Rapid 2013"]
[Site "Warsaw POL"]
[Date "2013.12.15"]
[Round "11.31"]
[White "Zwardon, Vojtech"]
[Black "Bartel, Michal"]
[Result "1-0"]
[WhiteTitle "IM"]
[BlackTitle "FM"]
[WhiteElo "2383"]
[BlackElo "2316"]
[WhiteFideId "325511"]
[BlackFideId "1119257"]
[EventDate "2013.12.14"]

1. c4 e5 2. g3 Nc6 3. Bg2 Nf6 4. Nc3 Bc5 5. e3 O-O 6. Nge2 d5 7. cxd5 Nb4 8. d4
exd4 9. exd4 Bf5 10. dxc5 Nc2+ 11. Kf1 Nxa1 12. Nd4 Bg4 13. f3 Bh5 14. Bg5 Qe7
15. Qxa1 Qxc5 16. Bxf6 gxf6 17. Nb3 Qb6 18. Qd1 Rfe8 19. Qd4 Qa6+ 20. Kf2 Bg6
21. h4 h5 22. Nd2 c5 23. Qc4 b5 24. Qxb5 Qxb5 25. Nxb5 Rab8 26. Nd6 Red8 27.
N2c4 Rxd6 28. Nxd6 Rxb2+ 29. Kg1 Bd3 30. Kh2 c4 31. Rc1 c3 32. Ne4 c2 33. d6 Kf8
34. Nd2 Ke8 35. Bh3 f5 36. Bf1 Bxf1 37. Nxf1 Rb1 38. Rxc2 Rxf1 39. Kg2 Ra1 40.
Kf2 Rd1 41. Rc7 Rd2+ 42. Ke3 Rxa2 43. Re7+ Kf8 44. Re5 Ra6 45. d7 1-0

[Event "ch-European Rapid 2013"]
[Site "Warsaw POL"]
[Date "2013.12.15"]
[Round "11.32"]
[White "Shkapenko, Pavel"]
[Black "Bednarek, Sylwester"]
[Result "1/2-1/2"]
[WhiteTitle "IM"]
[BlackTitle "FM"]
[WhiteElo "2406"]
[BlackElo "2311"]
[WhiteFideId "4151933"]
[BlackFideId "1101811"]
[EventDate "2013.12.14"]

1. e4 c6 2. d3 g6 3. g3 Bg7 4. Bg2 d5 5. Nd2 Nh6 6. Ngf3 O-O 7. O-O e5 8. Re1 f6
9. d4 exd4 10. exd5 f5 11. Nb3 Qxd5 12. Nfxd4 Qd8 13. Qe2 Qf6 14. Bd2 Na6 15.
Qc4+ Qf7 16. Qxf7+ Nxf7 17. Bc3 Rb8 18. Rad1 f4 19. gxf4 Bg4 20. Rd3 c5 21. Nb5
c4 22. Rg3 cxb3 23. Rxg4 bxc2 24. Rg3 Rbd8 25. Na3 Nc5 26. Nxc2 Nd3 27. Bxg7
Kxg7 28. Re4 Nh6 29. Re7+ Kf6 30. Rxh7 Nf5 31. Ne3 Nxg3 32. hxg3 g5 33. f5 Nxb2
34. Rxb7 Nd1 35. Nd5+ Ke5 36. Re7+ Kd4 37. f6 Nb2 38. f7 Rxd5 39. Bxd5 Kxd5 40.
Rxa7 Ke6 41. Kg2 Nd3 42. a4 g4 43. a5 Ne5 44. a6 Nxf7 45. Rb7 Ne5 46. a7 Ra8 47.
Kf1 Kd6 48. Ke2 Kc6 49. Re7 Kd5 50. Ke3 Rf8 51. Rb7 Rf3+ 52. Ke2 Ra3 53. Rb5+
Kd4 54. Rb4+ Nc4 55. Rb7 Ra2+ 56. Kf1 Nd2+ 57. Kg2 Ne4 58. Rf7 Ke5 59. Re7+ Kf5
60. Rf7+ Nf6 61. Rb7 Nd5 62. Rf7+ Ke4 63. Kg1 Ke5 64. Rg7 Nf6 65. Re7+ Kf5 66.
Kg2 Ne4 67. Rf7+ Ke5 68. Re7+ Kd5 69. Rf7 Ke6 70. Rf4 Nf6 71. a8=Q Rxa8 72. f3
Nd5 73. Re4+ Kf5 74. Re2 Ra3 75. fxg4+ Kxg4 76. Re4+ Kf5 77. Re2 Ne3+ 78. Kf3
Ng4+ 79. Kg2 Nf6 80. Rf2+ Kg5 81. Rf3 Ra5 82. Rf4 Ng4 83. Rb4 Rf5 84. Rf4 Re5
85. Ra4 Re2+ 86. Kg1 Ne3 87. Kh1 Nd1 88. Kg1 Nc3 89. Rh4 Ne4 90. Rf4 Re3 91. Kh2
Re2+ 92. Kg1 Re3 93. Kh2 Nxg3 94. Rf8 Ne4 95. Kg2 Kg4 96. Rg8+ Ng5 97. Rf8 Re6
98. Rf1 Nh3 99. Rf8 Nf4+ 100. Kf2 Re2+ 101. Kf1 Rd2 102. Ke1 Rd5 103. Kf2 Rd2+
104. Ke1 Rd7 105. Kf2 Re7 106. Rf6 Nh3+ 107. Kf1 Ng5 108. Rf8 Kg3 109. Rg8 Re5
110. Rg6 Kf3 111. Rf6+ Kg4 112. Rf8 Nh3 113. Rg8+ Kf3 114. Rg3+ 1/2-1/2

[Event "ch-European Rapid 2013"]
[Site "Warsaw POL"]
[Date "2013.12.15"]
[Round "11.33"]
[White "Swicarz, Maciej"]
[Black "Druska, Juraj"]
[Result "1-0"]
[BlackTitle "FM"]
[WhiteElo "2276"]
[BlackElo "2370"]
[WhiteFideId "1113585"]
[BlackFideId "14915650"]
[EventDate "2013.12.14"]

1. e4 c5 2. Nc3 Nc6 3. Bb5 Nd4 4. Bc4 e6 5. Nf3 Nf6 6. O-O a6 7. d3 d5 8. exd5
exd5 9. Nxd5 Nxd5 10. Nxd4 cxd4 11. Qh5 Be6 12. Re1 Nf6 13. Rxe6+ Be7 14. Rxf6
gxf6 15. Bxf7+ Kd7 16. Bf4 Kc6 17. b4 Kb6 18. Qa5+ Kc6 19. Qf5 Kb6 20. b5 axb5
21. Rb1 b4 22. Qe6+ Ka7 23. a3 bxa3 24. Qb3 Qd7 25. Qb6# 1-0

[Event "ch-European Rapid 2013"]
[Site "Warsaw POL"]
[Date "2013.12.15"]
[Round "11.34"]
[White "Golubka, Petr"]
[Black "Barski, Radoslaw"]
[Result "1-0"]
[WhiteTitle "IM"]
[WhiteElo "2385"]
[BlackElo "2275"]
[WhiteFideId "14114224"]
[BlackFideId "1131710"]
[EventDate "2013.12.14"]

1. e4 c5 2. Nf3 d6 3. d4 cxd4 4. Nxd4 Nf6 5. Nc3 a6 6. Be3 e5 7. Nf3 Qc7 8. Bg5
Nbd7 9. Nd2 b5 10. a4 b4 11. Nd5 Nxd5 12. exd5 g6 13. a5 Bg7 14. Nc4 h6 15. Be3
O-O 16. Qd2 Kh7 17. Qxb4 Bb7 18. Qxd6 Qxd6 19. Nxd6 Bxd5 20. O-O-O Bc6 21. f3 f5
22. Nc4 e4 23. f4 Nf6 24. Ne5 Nd5 25. Bc5 Bxe5 26. fxe5 Rfe8 27. c4 Nf4 28. Be3
Nd3+ 29. Bxd3 exd3 30. Rxd3 Rxe5 31. Bd2 Re7 32. Rg1 Rc8 33. b3 Rf7 34. h4 f4
35. Rd6 Bb7 36. Bc3 Rc6 37. Rd8 Rc8 38. Rgd1 g5 39. h5 1-0

[Event "ch-European Rapid 2013"]
[Site "Warsaw POL"]
[Date "2013.12.15"]
[Round "11.35"]
[White "Sadzikowski, Daniel"]
[Black "Skawinski, Arkadiusz"]
[Result "1-0"]
[WhiteTitle "IM"]
[BlackTitle "FM"]
[WhiteElo "2470"]
[BlackElo "2319"]
[WhiteFideId "1132253"]
[BlackFideId "1126415"]
[EventDate "2013.12.14"]

1. e4 e6 2. d4 d5 3. e5 c5 4. c3 Qb6 5. Nf3 Nc6 6. a3 Nh6 7. b4 cxd4 8. cxd4 Nf5
9. Bb2 Be7 10. h4 h5 11. Bd3 Bd7 12. Bxf5 exf5 13. Nc3 Be6 14. Qd2 Rc8 15. O-O
Qd8 16. Qf4 Rh6 17. Nb5 Rg6 18. Ng5 Kf8 19. Nd6 Rc7 20. Ndxf7 Bxf7 21. Nxf7 Kxf7
22. Qxf5+ Bf6 23. e6+ 1-0

[Event "ch-European Rapid 2013"]
[Site "Warsaw POL"]
[Date "2013.12.15"]
[Round "11.36"]
[White "Gaehwiler, Gabriel"]
[Black "Deszczynski, Adam"]
[Result "1-0"]
[WhiteElo "2327"]
[BlackElo "2341"]
[WhiteFideId "1314530"]
[BlackFideId "1102753"]
[EventDate "2013.12.14"]

1. e4 c5 2. Nf3 a6 3. c3 Nf6 4. e5 Nd5 5. d4 cxd4 6. Bc4 Nb6 7. Bb3 Nc6 8. cxd4
d5 9. exd6 e6 10. O-O Bxd6 11. Nc3 O-O 12. Bc2 Be7 13. Ne4 Nd5 14. a3 Nf6 15.
Ng3 b6 16. Qd3 Bb7 17. Re1 Qd6 18. Nh5 g6 19. Bf4 Qd5 20. Ng3 Rac8 21. Bb3 Qd7
22. h4 Nd5 23. Bg5 Rfd8 24. Rad1 Bxg5 25. hxg5 Qe7 26. Ne4 Kg7 27. Bxd5 Rxd5 28.
Nf6 Rxg5 29. Nxg5 Qxf6 30. Ne4 Qf4 31. Qe3 Qxe3 32. fxe3 Rd8 33. Rc1 Ne7 34. Rc7
Bxe4 35. Rxe7 h5 36. Rf1 Bf5 37. Rc1 g5 38. Rcc7 Rf8 39. Rb7 b5 40. Ra7 Kf6 41.
Rec7 h4 42. Rxa6 g4 43. Rac6 g3 44. Rc8 Rxc8 45. Rxc8 Be4 46. Rc5 1-0

[Event "ch-European Rapid 2013"]
[Site "Warsaw POL"]
[Date "2013.12.15"]
[Round "11.37"]
[White "Szymanski, Piotr1"]
[Black "Pedzich, Dominik"]
[Result "1/2-1/2"]
[BlackTitle "IM"]
[WhiteElo "2243"]
[BlackElo "2384"]
[WhiteFideId "1118242"]
[BlackFideId "1100130"]
[EventDate "2013.12.14"]

1. d4 d6 2. Nf3 Nf6 3. c4 c6 4. Nc3 Nbd7 5. e4 e5 6. Be2 Be7 7. O-O O-O 8. Re1
a6 9. Bf1 b5 10. d5 cxd5 11. cxd5 Nb6 12. h3 Bd7 13. a3 Qc7 14. Be3 Rfc8 15. Rc1
Qb7 16. Nd2 Be8 17. f4 Nfd7 18. Nf3 Bf6 19. f5 Bd8 20. b3 Rc7 21. Qd2 Rac8 22.
Qb2 Nc5 23. Nd2 Bh4 24. Red1 h6 25. Nf3 Bd8 26. g4 f6 27. h4 g5 28. fxg6 Bxg6
29. Nd2 h5 30. Be2 hxg4 31. Bxc5 Rxc5 32. Bxg4 Qg7 33. Kh2 Qh6 34. Rg1 R8c7 35.
Nf3 Kh8 36. Be6 Qf4+ 37. Rg3 Bxe4 38. Ne2 Rxc1 39. Nxf4 R7c2+ 40. Qxc2 Rxc2+ 41.
Ng2 Kh7 42. Kh3 Nxd5 43. h5 Kh6 44. Nfh4 Rxg2 45. Nxg2 Bxg2+ 46. Kxg2 Nf4+ 47.
Kf3 Nxe6 48. Ke4 Nf4 49. Kf5 Kh7 50. Rc3 Bb6 51. Rc6 Bd4 52. Rxd6 a5 53. Rxf6
Nxh5 54. Ra6 b4 55. Rxa5 bxa3 56. Rxa3 Ng3+ 57. Kg4 Ne4 58. Kf5 Nc3 59. Ra6 Kg7
60. Re6 Kf7 61. Rxe5 1/2-1/2

[Event "ch-European Rapid 2013"]
[Site "Warsaw POL"]
[Date "2013.12.15"]
[Round "11.38"]
[White "Nasuta, Grzegorz"]
[Black "Razin, Vadim"]
[Result "0-1"]
[WhiteTitle "FM"]
[WhiteElo "2331"]
[BlackElo "2301"]
[WhiteFideId "1141686"]
[BlackFideId "14119463"]
[EventDate "2013.12.14"]

1. e4 e6 2. d4 d5 3. Nc3 Nf6 4. Bg5 dxe4 5. Nxe4 Be7 6. Bxf6 gxf6 7. Nf3 a6 8.
Bd3 b5 9. Qe2 Bb7 10. O-O-O Nc6 11. Rhe1 Nb4 12. Nc5 Bd5 13. Bxb5+ axb5 14.
Qxb5+ Nc6 15. c4 Rb8 16. Nb7 Rxb7 17. Qxb7 Na5 18. Qa6 Nxc4 19. b3 Nd6 20. Qd3
Qa8 21. Kb2 Ne4 22. Re2 Qa3+ 23. Kb1 Nd6 24. Ne1 Qa5 25. Rc1 Nb5 26. a4 Nd6 27.
Nc2 O-O 28. Na1 Rb8 29. Rc5 Qa8 30. Rxc7 Bf8 31. Kc1 Be4 32. Qg3+ Bg6 33. h4 Nf5
34. Qg4 h5 35. Qh3 Nxd4 36. Re1 Qa5 37. Qc3 Bb4 0-1

[Event "ch-European Rapid 2013"]
[Site "Warsaw POL"]
[Date "2013.12.15"]
[Round "11.39"]
[White "Przybylski, Wojciech"]
[Black "Lissang, Christopher"]
[Result "1-0"]
[WhiteTitle "FM"]
[WhiteElo "2342"]
[BlackElo "2240"]
[WhiteFideId "1117599"]
[BlackFideId "1709615"]
[EventDate "2013.12.14"]

1. e4 e5 2. Nf3 Nc6 3. Bb5 Bb4 4. O-O Nge7 5. c3 Ba5 6. d4 exd4 7. Nxd4 O-O 8.
Bg5 f6 9. Be3 Bb6 10. Re1 Nxd4 11. Bxd4 d6 12. Bc4+ Kh8 13. Na3 Ng6 14. Nc2 f5
15. exf5 Bxf5 16. Bxb6 axb6 17. Nd4 Qg5 18. Re3 Ne5 19. Be6 Bg6 20. Bd5 Qf6 21.
Nf3 c6 22. Be4 Nc4 23. Re2 Nxb2 24. Qc2 Bxe4 25. Rxe4 Qg6 26. Nh4 Qf6 27. Qxb2
d5 28. Rg4 Qe6 29. h3 Rf6 30. Qxb6 Qf7 31. Nf3 Re8 32. Rb1 Re7 33. Qd4 h6 34.
Qd3 Qe8 35. Ra4 b5 36. Rab4 Qh5 37. a4 Rf8 38. axb5 c5 39. Rg4 Rfe8 40. b6 Qf7
41. Qg6 Qxg6 42. Rxg6 Rb7 43. Rc6 1-0

[Event "ch-European Rapid 2013"]
[Site "Warsaw POL"]
[Date "2013.12.15"]
[Round "11.40"]
[White "Kantans, Toms"]
[Black "Plonczak, Dominik"]
[Result "1-0"]
[WhiteTitle "FM"]
[WhiteElo "2412"]
[BlackElo "2216"]
[WhiteFideId "11602945"]
[BlackFideId "1132997"]
[EventDate "2013.12.14"]

1. e4 d5 2. exd5 Qxd5 3. Nc3 Qd6 4. d4 Nf6 5. Nge2 g6 6. Bf4 Qd8 7. Qd2 Bg7 8.
O-O-O O-O 9. h4 h5 10. f3 c6 11. Ng3 Nbd7 12. Bh6 Re8 13. Bc4 e6 14. Bb3 Nb6 15.
Nce4 a5 16. a3 a4 17. Ba2 Nbd5 18. c4 Nxe4 19. fxe4 Nf6 20. Bxg7 Kxg7 21. Qg5
Rh8 22. e5 Ng4 23. Nxh5+ Rxh5 24. Qxd8 1-0

[Event "ch-European Rapid 2013"]
[Site "Warsaw POL"]
[Date "2013.12.15"]
[Round "11.41"]
[White "Szczepkowska-Horowska, Karina"]
[Black "Frink, Ferenc"]
[Result "1-0"]
[WhiteTitle "WGM"]
[BlackTitle "FM"]
[WhiteElo "2405"]
[BlackElo "2095"]
[WhiteFideId "1122681"]
[BlackFideId "704946"]
[EventDate "2013.12.14"]

1. e4 Nc6 2. Nf3 e6 3. d4 d6 4. c3 Bd7 5. Bd3 e5 6. h3 Nf6 7. Bg5 h6 8. Be3 Be7
9. d5 Nb8 10. Nbd2 O-O 11. Nf1 c5 12. dxc6 Nxc6 13. Ng3 Qc7 14. O-O Rfe8 15. c4
Nb4 16. Be2 Bc6 17. Qb1 a5 18. a3 Na6 19. b4 axb4 20. axb4 Bd7 21. Rc1 Be6 22.
Qb2 Nd7 23. Nf5 Bxf5 24. exf5 Bf6 25. Qb3 e4 26. Nd4 Ne5 27. Rd1 Qd7 28. Ra2 Nc6
29. Nxc6 bxc6 30. c5 Nc7 31. Rxd6 Qxf5 32. Bg4 Qg6 33. Bd4 Rxa2 34. Qxa2 Ra8 35.
Qb2 Nb5 36. Rxf6 gxf6 37. Bxf6 Nc7 38. Be5 Nd5 39. b5 h5 40. Bd7 cxb5 41. Qxb5
e3 42. fxe3 Nxe3 43. Qb7 Rd8 44. Qf3 Qb1+ 45. Kf2 Nd1+ 46. Kg3 h4+ 47. Kh2 Nf2
48. Qxf2 Rxd7 49. Qf6 Kh7 50. Qg7# 1-0

[Event "ch-European Rapid 2013"]
[Site "Warsaw POL"]
[Date "2013.12.15"]
[Round "11.42"]
[White "Stoma, Pawel"]
[Black "Dumanski, Aleksander"]
[Result "1-0"]
[WhiteElo "2314"]
[BlackElo "2236"]
[WhiteFideId "1113569"]
[BlackFideId "1114379"]
[EventDate "2013.12.14"]

1. e4 c5 2. d4 cxd4 3. c3 d3 4. c4 Nc6 5. Bxd3 g6 6. Nc3 Bg7 7. Nf3 Nf6 8. O-O
d6 9. h3 O-O 10. Be3 b6 11. Rc1 Bb7 12. a3 Rc8 13. b4 Ne5 14. Nxe5 dxe5 15. c5
bxc5 16. Bxc5 Nd7 17. Bxa7 Ra8 18. Nb5 Ba6 19. Be3 Nf6 20. a4 Rb8 21. Qb3 Bxb5
22. axb5 Qd7 23. Rfd1 Qb7 24. f3 Nh5 25. Ra1 Ra8 26. Ra5 Nf4 27. Bf1 e6 28. Rda1
Bf6 29. b6 Rab8 30. Ra7 Qc8 31. Rc7 Qd8 32. Qc3 g5 33. Qc6 Ng6 34. Rd7 Qc8 35.
Qxc8 Rfxc8 36. b7 Rd8 37. Rxd8+ Bxd8 38. Ra8 Bc7 39. Ba7 1-0